|
|
|
|
| LEADER |
00000nam0a2200000 4500 |
| 001 |
142326 |
| 005 |
20231031142720.0 |
| 035 |
|
|
|a (RuTPU)RU\TPU\book\154239
|
| 090 |
|
|
|a 142326
|
| 100 |
|
|
|a 20080904d1964 km y0rusy50 ca
|
| 101 |
0 |
|
|a rus
|
| 102 |
|
|
|a RU
|
| 105 |
|
|
|a a z 001zy
|
| 200 |
1 |
|
|a Механические свойства металлов и сплавов при обработке давлением
|f А. В. Третьяков, Г. К. Трофимов, В. И. Зюзин
|
| 210 |
|
|
|a Москва
|c Металлургия
|d 1964
|
| 215 |
|
|
|a 223 с.
|c ил.
|
| 320 |
|
|
|a Библиогр.: с. 220-222.
|
| 610 |
1 |
|
|a металлургия
|
| 610 |
1 |
|
|a металлы
|
| 610 |
1 |
|
|a сплавы
|
| 610 |
1 |
|
|a физико-механические свойства
|
| 610 |
1 |
|
|a обработка давлением
|
| 610 |
1 |
|
|a горячая обработка
|
| 610 |
1 |
|
|a деформация
|
| 610 |
1 |
|
|a прокатка
|
| 610 |
1 |
|
|a механические испытания
|
| 610 |
1 |
|
|a влияние
|
| 675 |
|
|
|a 621.77
|v 3
|
| 675 |
|
|
|a 621.7м.01:5
|v 3
|
| 700 |
|
1 |
|a Третьяков
|b А. В.
|g Андрей Владимирович
|
| 701 |
|
1 |
|a Трофимов
|b Г. К.
|g Георгий Константинович
|
| 701 |
|
1 |
|a Зюзин
|b В. И.
|g Владимир Иванович
|
| 801 |
|
1 |
|a RU
|b 63413507
|c 20080904
|g PSBO
|
| 801 |
|
2 |
|a RU
|b 63413507
|c 20190829
|g PSBO
|
| 942 |
|
|
|c BK
|